Statistics for danish quiz

Click here to take the quiz!

General Stats

  • This quiz has been taken 13 times
  • The average score is 2 of 7

Answer Stats

HintAnswer% Correct
What is the capital in DenmarkCopenhagen
100%
What is the natonal animal in DenmarkSwane
36%
How many people lives in denmark6 million
27%
Who is the quuen in DemmarkMagrethe II
9%
Who is the king in Denmarkno one
9%
What is the most pouplar movie from denmarkBabettes Gæstebud
0%
What is the Denmark natonal foodroast pork with parsley sauce
0%

Score Distribution

Percentile by Number Answered

Percent of People with Each Score

Your Score History

You have not taken this quiz